[Event "ICS rated blitz match"]
[Site "204.178.125.65"]
[Date "2000.06.07"]
[Round "?"]
[White "Hossa"]
[Black "QueenMaxima"]
[Result "1-0"]
[WhiteElo "2415"]
[BlackElo "2531"]
[PlyCount "305"]
[EventDate "2000.??.??"]

1. e4 e5 2. Nc3 Nf6 3. Nf3 Nc6 4. d3 d6 5. Be2 Be7 6. O-O O-O 7. d4 exd4 8.
Nxd4 Nxd4 9. Qxd4 Nd7 10. Nd5 Bh4 11. g3 Bf6 12. Nxf6+ Qxf6 13. Qxf6 Nxf6 14.
f3 Be6 15. Kg2 Rae8 16. Be3 Nd7 17. Rfe1 f5 18. exf5 Rxf5 19. Bd3 Rff8 20. Bb5
c6 21. Be2 Bf5 22. Bc4+ Kh8 23. Bb3 Nc5 24. Rad1 Nxb3 25. cxb3 Be6 26. Bxa7 Bd5
27. Rxe8 Rxe8 28. Bf2 Re2 29. Rb1 Rd2 30. g4 Rd3 31. Kg1 Bxf3 32. Re1 Kg8 33.
h3 Rd2 34. Re3 Be2 35. Re7 Ba6 36. Be1 Rxb2 37. Bc3 Rb1+ 38. Kg2 g6 39. Re8+
Kf7 40. Re1 Rxe1 41. Bxe1 Bd3 42. h4 Bb1 43. a3 Bd3 44. Ba5 Bc2 45. b4 Ke6 46.
Kf3 h5 47. gxh5 Bd1+ 48. Kf4 Bxh5 49. Ke3 Bd1 50. Kf4 Be2 51. Bb6 Kd5 52. Ke3
Bh5 53. Kd3 Bf3 54. Ke3 Be4 55. Bc7 Bc2 56. Kd2 Bf5 57. a4 c5 58. bxc5 dxc5 59.
Bb6 Kd4 60. Kd1 Be4 61. Kd2 Bc6 62. a5 Be4 63. Bc7 Bf5 64. Bb6 Bb1 65. Kc1 Bd3
66. Kd2 Bc4 67. Kd1 Bf1 68. Ke1 Bg2 69. Kf2 Be4 70. Ke2 Kd5 71. Kd2 c4 72. Bd8
Ke6 73. Kc3 Kd7 74. Bf6 Bd3 75. Bg5 Kc6 76. Kd4 Kb5 77. Bd8 Ka4 78. Kc3 Bf1 79.
Bc7 Be2 80. Bb6 Kb5 81. Kd2 Bd3 82. Kc3 Kc6 83. Kd2 Kd6 84. Bd4 Kd5 85. Ke3 Be4
86. Bf6 Bc2 87. Bc3 Bf5 88. Kf4 Bd3 89. Ke3 Bc2 90. Kd2 Bf5 91. Ke3 Kc6 92. Kd2
Bd3 93. Bd4 Kd6 94. Bg7 Kc5 95. Bc3 Be4 96. Kc1 Kd6 97. Bg7 Ke6 98. Kb2 Bd3 99.
Bc3 Kd6 100. Bf6 Kc5 101. Be5 Kd5 102. Bc7 Kd4 103. Bb6+ Ke4 104. Bc5 Kd5 105.
Bb6 Be4 106. Kc3 Bf3 107. Kd2 Bg4 108. Ke3 Bf5 109. Bd4 Kc6 110. Kd2 Kd6 111.
Kc3 Kd5 112. Bb6 Be4 113. Kb2 Bf3 114. Kc3 Bg4 115. Kd2 Ke4 116. Bd8 Bh5 117.
Bf6 Bf3 118. Bc3 Kf4 119. Bf6 Kf5 120. Bg5 c3+ 121. Kxc3 Ke5 122. Kd3 Be4+ 123.
Kc4 Bc2 124. Kb5 Bf5 125. Kc5 Bb1 126. Kb6 Be4 127. Bd8 Kd5 128. Kxb7 Bf3 129.
a6 Kc5+ 130. Kb8 Kc4 131. a7 Kd4 132. a8=Q Bxa8 133. Kxa8 Ke4 134. Kb7 Kd5 135.
Bg5 Kd6 136. Kb6 Kd5 137. Kc7 Ke6 138. Bd8 Kf5 139. Kd6 Kg4 140. Ke6 Kh5 141.
Kf7 Kh6 142. Bg5+ Kh5 143. Kf6 Kg4 144. Kxg6 Kf3 145. h5 Ke2 146. h6 Kd3 147.
h7 Kc3 148. h8=Q+ Kc4 149. Be3 Kb3 150. Qd4 Ka2 151. Qb4 Ka1 152. Bc1 Ka2 153.
Qb2# 1-0

[Event "ICS Rated standard match"]
[Site "204.178.125.65"]
[Date "2000.06.07"]
[Round "?"]
[White "Hossa"]
[Black "MANSON"]
[Result "1-0"]
[WhiteElo "2303"]
[BlackElo "2197"]
[PlyCount "113"]
[EventDate "2000.??.??"]

1. e4 d6 2. d4 Nf6 3. Nc3 g6 4. g3 Bg7 5. Nge2 O-O 6. Bg2 Nc6 7. d5 Nb8 8. O-O
e5 9. f4 Nbd7 10. Kh1 Ne8 11. Rb1 a5 12. Nb5 b6 13. c4 Ba6 14. Nec3 Nc5 15.
fxe5 Bxe5 16. Bh6 Ng7 17. b3 Bxb5 18. Nxb5 f6 19. Qc2 Qe7 20. Rf3 Rf7 21. Rbf1
Raf8 22. Na7 f5 23. Bxg7 Bxg7 24. exf5 Rxf5 25. Nc6 Qg5 26. Rxf5 Rxf5 27. Rxf5
gxf5 28. Qxf5 Qxf5 29. Ne7+ Kf7 30. Nxf5 Nd3 31. Nxg7 Kxg7 32. a3 Nc5 33. b4
axb4 34. axb4 Nd3 35. b5 Nb2 36. Bf1 Kf6 37. g4 Ke5 38. g5 Kf5 39. Kg2 Kxg5 40.
Kf3 h5 41. Kg3 h4+ 42. Kf3 Kf5 43. Be2 Ke5 44. Kg4 Kd4 45. Kxh4 Nxc4 46. Bxc4
Kxc4 47. Kg5 Kxd5 48. h4 Ke6 49. h5 Kf7 50. h6 Kg8 51. Kg6 Kh8 52. h7 d5 53.
Kf5 Kxh7 54. Ke5 Kg8 55. Kxd5 Kf8 56. Kc6 Ke7 57. Kxc7 {MANSON resigns} 1-0

[Event "ICS rated blitz match"]
[Site "204.178.125.65"]
[Date "2000.06.07"]
[Round "?"]
[White "MissSilicon"]
[Black "Hossa"]
[Result "1-0"]
[WhiteElo "2666"]
[BlackElo "2436"]
[PlyCount "143"]
[EventDate "2000.??.??"]

1. e4 c5 2. Nf3 d6 3. d4 Nf6 4. Nc3 cxd4 5. Nxd4 Nc6 6. Bc4 Bd7 7. O-O Nxd4 8.
Qxd4 Bc6 9. f4 Nxe4 10. Bxf7+ Kxf7 11. Nxe4 Qb6 12. Qxb6 axb6 13. Ng5+ Kf6 14.
b3 h6 15. Bb2+ e5 16. Nf3 Ke6 17. Rfe1 Bxf3 18. gxf3 Kf7 19. fxe5 dxe5 20. Rxe5
Bc5+ 21. Kf1 Bd6 22. Rf5+ Kg6 23. Rb5 Ra6 24. h4 Bc5 25. b4 Be7 26. h5+ Kh7 27.
a3 Rf8 28. Ke2 Rc8 29. c3 Bf6 30. Kd3 g5 31. Rd5 Rc7 32. Re1 Kg7 33. Re4 Ra8
34. Rc4 Re7 35. f4 Rae8 36. Bc1 b5 37. Rxb5 Rd7+ 38. Kc2 Re2+ 39. Kb3 g4 40. f5
Rh2 41. Rxg4+ Kf7 42. Bxh6 Rxh5 43. Bf4 Rh1 44. Be5 Rb1+ 45. Kc2 Re1 46. Rd4
Re7 47. Bxf6 Kxf6 48. Rd6+ Kf7 49. Rh6 Kg7 50. Rbb6 R1e2+ 51. Kb3 Kg8 52. f6
Rc7 53. Rb5 Rg2 54. Rbh5 Kf8 55. Rh8+ Rg8 56. b5 b6 57. Rxg8+ Kxg8 58. c4 Rc8
59. Rd5 Kf8 60. Rd6 Rb8 61. Kc3 Rb7 62. Kd4 Kf7 63. Ke5 Rb8 64. Rd7+ Kg6 65. f7
Kg7 66. Ke6 Ra8 67. Rd3 Rc8 68. Rg3+ Kh6 69. Rg8 Rxc4 70. f8=Q+ Kh5 71. Qf7+
Kh4 72. Qh7# {Hossa checkmated} 1-0

[Event "ICS rated blitz match"]
[Site "204.178.125.65"]
[Date "2000.06.07"]
[Round "?"]
[White "MissSilicon"]
[Black "Hossa"]
[Result "1-0"]
[WhiteElo "2676"]
[BlackElo "2429"]
[PlyCount "81"]
[EventDate "2000.??.??"]

1. e4 c5 2. Nf3 Nc6 3. Bb5 g6 4. O-O Bg7 5. c3 e5 6. d3 d6 7. d4 Qb6 8. Na3
cxd4 9. Nc4 Qc7 10. cxd4 a6 11. dxe5 axb5 12. Nxd6+ Kf8 13. Nxb5 Qb6 14. Qd6+
Nge7 15. Nc7 Ra4 16. Bg5 Qxb2 17. Nd5 h6 18. Nxe7 Qb4 19. Qc7 Bd7 20. Qxd7 Ra8
21. Nxg6+ fxg6 22. Rab1 Qc4 23. Rxb7 Rh7 24. e6 Kg8 25. Bf6 Rf8 26. Bxg7 Qxe4
27. Re1 Qc4 28. e7 Nxe7 29. Bxf8 Qd5 30. Qe8 Qc6 31. Rb8 Qxe8 32. Rxe8 Rf7 33.
Bxh6+ Kh7 34. Ng5+ Kxh6 35. Nxf7+ Kg7 36. R8xe7 Kh7 37. Nd6+ Kh6 38. h4 g5 39.
R1e6+ Kh5 40. Rh7+ Kg4 41. Re4# {Hossa checkmated} 1-0

[Event "ICS rated standard match"]
[Site "204.178.125.65"]
[Date "2000.06.07"]
[Round "?"]
[White "Hossa"]
[Black "PostModernist"]
[Result "1/2-1/2"]
[WhiteElo "2319"]
[BlackElo "2429"]
[PlyCount "217"]
[EventDate "2000.??.??"]

1. e4 c5 2. Nf3 d6 3. d4 Nf6 4. Nc3 cxd4 5. Nxd4 Nc6 6. Bc4 Bd7 7. O-O g6 8.
Nxc6 Bxc6 9. Nd5 Bg7 10. Nxf6+ Bxf6 11. Qe2 Qa5 12. c3 O-O 13. Bh6 Rfd8 14.
Rad1 e6 15. Qg4 Qe5 16. Rfe1 Ba4 17. b3 Bc6 18. Re3 b5 19. Bf4 Qc5 20. Bxe6
Bxc3 21. Bg5 Rf8 22. Bd5 Bd4 23. b4 Qb6 24. Re2 Bxd5 25. exd5 Rfe8 26. Rc1 h5
27. Qf3 Rxe2 28. Qxe2 a5 29. Rc6 Qa7 30. bxa5 Qxa5 31. Rc2 Qb4 32. Bc1 Be5 33.
g3 Qd4 34. Qf3 f5 35. a3 Qe4 36. Qxe4 fxe4 37. Rc6 Ra4 38. Bf4 Bxf4 39. gxf4
Rxa3 40. Rxd6 Kf7 41. Rb6 Rd3 42. Rxb5 Kf6 43. Kf1 Kf5 44. Kg2 h4 45. Rb8 h3+
46. Kf1 Kxf4 47. Rd8 Ke5 48. Ke2 Rxd5 49. Rxd5+ Kxd5 50. f3 Kd4 51. fxe4 Kxe4
52. Kf2 Kf4 53. Kg1 g5 54. Kf2 g4 55. Kg1 Ke3 56. Kh1 Kf3 57. Kg1 g3 58. Kh1
g2+ 59. Kg1 Ke4 60. Kf2 Kd4 61. Kg1 Kd5 62. Kf2 Ke4 63. Kg1 Kd4 64. Kf2 Kc3 65.
Kg1 Kd2 66. Kf2 Kd1 67. Kg1 Kc2 68. Kf2 Kb2 69. Kg1 Ka1 70. Kf2 Ka2 71. Kg1 Ka3
72. Kf2 Ka4 73. Kg1 Ka5 74. Kf2 Ka6 75. Kg1 Ka7 76. Kf2 Ka8 77. Kg1 Kb7 78. Kf2
Kb8 79. Kg1 Kc8 80. Kf2 Kd8 81. Kg1 Ke8 82. Kf2 Kf8 83. Kg1 Kg8 84. Kf2 Kh8 85.
Kg1 Kh7 86. Kf2 Kg6 87. Kg1 Kh5 88. Kf2 Kg5 89. Kg1 Kf4 90. Kf2 Kf5 91. Kg1 Ke5
92. Kf2 Ke6 93. Kg1 Kf6 94. Kf2 Ke7 95. Kg1 Kd7 96. Kf2 Ke8 97. Kg1 Kf8 98. Kf2
Kg8 99. Kg1 Kh8 100. Kf2 Kh7 101. Kg1 Kg7 102. Kf2 Kf6 103. Kg1 Ke6 104. Kf2
Kd5 105. Kg1 Kc6 106. Kf2 Kd6 107. Kg1 Kc5 108. Kf2 Kc6 109. Kg1 1/2-1/2

[Event "ICS rated standard match"]
[Site "204.178.125.65"]
[Date "2000.06.07"]
[Round "?"]
[White "MissSilicon"]
[Black "Hossa"]
[Result "1/2-1/2"]
[WhiteElo "2449"]
[BlackElo "2324"]
[PlyCount "243"]
[EventDate "2000.??.??"]

1. e4 c5 2. Nf3 d6 3. d4 Nf6 4. Nc3 cxd4 5. Nxd4 Nc6 6. Bc4 Bd7 7. O-O g6 8.
Nxc6 Bxc6 9. Nd5 Bg7 10. Bg5 O-O 11. Bxf6 Bxf6 12. Nxf6+ exf6 13. Qd4 f5 14.
exf5 Qg5 15. Bd5 Qxf5 16. Bxc6 bxc6 17. Qxd6 Qxc2 18. Qa3 Rad8 19. b4 Rd7 20.
Rac1 Qe2 21. Rfe1 Qd2 22. Qa4 Re7 23. Rf1 Rfe8 24. Rxc6 Re1 25. Rc1 Rxf1+ 26.
Rxf1 Re1 27. Qb5 Rxf1+ 28. Qxf1 Qxb4 29. g3 Qd4 30. h4 h6 31. Qa6 Kg7 32. Qa5
Kh7 33. a3 Kg7 34. Kf1 Qd7 35. Qc3+ f6 36. f4 a6 37. Kf2 h5 38. Qb4 Qc7 39. Qe4
Qb6+ 40. Kf1 Qb5+ 41. Ke1 Qc5 42. Qd3 Qg1+ 43. Kd2 Qb6 44. Kc3 Kh6 45. Qd4 Qc7+
46. Kd3 Kg7 47. Qd5 Qe7 48. Qb3 Qe1 49. Kd4 Qh1 50. Kc5 Qe1 51. Kb6 a5 52. Qd3
Kh6 53. Ka6 a4 54. Kb5 Qe8+ 55. Ka5 Qa8+ 56. Kb4 Qe8 57. f5 gxf5 58. Qxf5 Qc6
59. Qd3 Kg7 60. Qe3 Qd7 61. Ka5 Qc6 62. Qf4 Qd7 63. Kb4 Qd1 64. Qc7+ Kg6 65.
Ka5 Qd2+ 66. Kxa4 Qd1+ 67. Kb4 Qb1+ 68. Ka5 Qe1+ 69. Kb6 Qe3+ 70. Kb5 Qb3+ 71.
Kc6 Qxa3 72. Qf4 Qa6+ 73. Kc5 Qa7+ 74. Kd5 Qa2+ 75. Kd4 Qa1+ 76. Kd3 Qe5 77.
Qe4+ Kg7 78. Qe3 Qb5+ 79. Ke4 Kg6 80. Qd2 Qc6+ 81. Kf4 Qc4+ 82. Ke3 Qc5+ 83.
Kf3 Qf5+ 84. Kg2 Qe4+ 85. Kh2 Kf7 86. Qa2+ Kg7 87. Qa7+ Kg6 88. Qf2 Qc4 89. Qb2
Qf1 90. Qc2+ Kg7 91. Qd2 Kg6 92. Qa2 Kf5 93. Qc2+ Ke5 94. Qc3+ Ke4 95. Qc6+ Kf5
96. Qd5+ Kg6 97. Qg8+ Kh6 98. Qh8+ Kg6 99. Qe8+ Kh6 100. Qe3+ Kg6 101. Qe4+ Kf7
102. Qb7+ Ke6 103. Qc8+ Ke7 104. Qc5+ Ke6 105. Qb6+ Kf5 106. Qa5+ Kg4 107. Qa4+
Kf5 108. Qd7+ Kg6 109. Qd4 Qe1 110. Qd3+ Kh6 111. Kg2 Kg7 112. Qc2 Kh6 113. Qb2
Qe4+ 114. Kf2 Qf5+ 115. Kg1 Qe5 116. Qd2+ Kg6 117. Qc2+ Kg7 118. Qd3 Qe1+ 119.
Kg2 Kh6 120. Kf3 Qh1+ 121. Kf4 Qc1+ 122. Kf5 1/2-1/2

[Event "ICS rated standard match"]
[Site "204.178.125.65"]
[Date "2000.06.07"]
[Round "?"]
[White "Hossa"]
[Black "QueenMaxima"]
[Result "1/2-1/2"]
[WhiteElo "2330"]
[BlackElo "2375"]
[PlyCount "199"]
[EventDate "2000.??.??"]

1. e4 e5 2. Nc3 Nf6 3. Nf3 Nc6 4. d3 Bb4 5. Bd2 O-O 6. a3 Bc5 7. Be2 d6 8. Bg5
h6 9. Bxf6 Qxf6 10. Na4 Bb6 11. Nxb6 axb6 12. O-O Bg4 13. Nd4 Bxe2 14. Nxe2 Ra5
15. Nc3 Ne7 16. a4 Rfa8 17. b4 R5a6 18. Qd2 Qf4 19. Qxf4 exf4 20. Rfb1 g5 21.
d4 f5 22. e5 dxe5 23. dxe5 Kf7 24. Nb5 Rc8 25. Re1 Raa8 26. e6+ Kf6 27. c3 c6
28. Nd6 Rd8 29. Nxb7 Rd3 30. a5 Ra7 31. a6 Rxc3 32. Nd6 Rd3 33. Nf7 Rb3 34.
Nxh6 Rxb4 35. Nf7 Rb5 36. Red1 Rd5 37. Rdb1 Nc8 38. h3 Rd2 39. Kf1 c5 40. Re1
Re7 41. Re5 Na7 42. f3 Nc6 43. Ree1 Ra7 44. Reb1 Nb4 45. Nxg5 Nd5 46. e7 Kxe7
47. h4 Kd7 48. Kg1 Kc6 49. Ne6 Ne3 50. Nxf4 Nxg2 51. Nxg2 Rg7 52. Kf1 Rgxg2 53.
a7 Rdf2+ 54. Ke1 Ra2 55. Kf1 Rh2 56. Kg1 Rag2+ 57. Kf1 Rg8 58. Re1 Ra8 59. Re6+
Kb5 60. Rb1+ Kc4 61. Kg1 Rxh4 62. Re7 b5 63. Rc7 Rh5 64. Rc1+ Kd4 65. Rd7+ Ke3
66. Rc3+ Kf4 67. Rxc5 Kxf3 68. Rc3+ Kf4 69. Rb3 Rg8+ 70. Kf2 Rh2+ 71. Kf1 Rc8
72. Rd4+ Kg5 73. Rg3+ Kf6 74. Rd6+ Ke5 75. Rc6 Rd8 76. Re3+ Kf4 77. Re2 Rd1+
78. Re1 Rxe1+ 79. Kxe1 Ra2 80. Rc5 Rxa7 81. Rxb5 Ra2 82. Kf1 Kg4 83. Rb4+ f4
84. Rb3 Rc2 85. Rd3 f3 86. Rd5 Kf4 87. Rh5 Ke4 88. Rg5 Ra2 89. Rh5 Rb2 90. Rc5
Rd2 91. Rc4+ Ke5 92. Rc5+ Rd5 93. Rxd5+ Kxd5 94. Kg1 Kd4 95. Kf2 Ke4 96. Kf1
Kd4 97. Kf2 Ke4 98. Kf1 Kd3 99. Kf2 Kd4 100. Kxf3 1/2-1/2

[Event "ICS rated blitz match"]
[Site "204.178.125.65"]
[Date "2000.06.07"]
[Round "?"]
[White "Hossa"]
[Black "StrongBach"]
[Result "1-0"]
[WhiteElo "2423"]
[BlackElo "1748"]
[PlyCount "75"]
[EventDate "2000.??.??"]

1. e4 e5 2. Nc3 Nc6 3. Nf3 Bb4 4. Bb5 Nge7 5. O-O Bc5 6. Nxe5 Nxe5 7. d4 a6 8.
Ba4 b5 9. Bb3 b4 10. Nd5 Nxd5 11. exd5 Qe7 12. dxc5 Qxc5 13. Re1 d6 14. Be3 Qa5
15. f4 Bg4 16. Qxg4 Nxg4 17. Bb6+ Kd8 18. Bxa5 Rb8 19. a3 bxa3 20. Rxa3 f6 21.
Bd2 Rc8 22. Rxa6 Rg8 23. Ba5 Rb8 24. Rxd6+ Kc8 25. Rc6 Rb7 26. d6 Kd7 27. Rxc7+
Rxc7 28. dxc7 Ra8 29. Rd1+ Ke7 30. Bb4+ Ke8 31. Rd8+ Rxd8 32. Ba4+ Kf7 33.
cxd8=Q Kg6 34. Qd3+ Kh6 35. Qh3+ Kg6 36. Qxg4+ Kh6 37. Qh3+ Kg6 38. Be8# 1-0

[Event "ICS rated standard match"]
[Site "204.178.125.65"]
[Date "2000.06.07"]
[Round "?"]
[White "QueenMaxima"]
[Black "Hossa"]
[Result "0-1"]
[WhiteElo "2375"]
[BlackElo "2332"]
[PlyCount "116"]
[EventDate "2000.??.??"]

1. e4 c5 2. Nf3 d6 3. d4 Nf6 4. Nc3 cxd4 5. Nxd4 Nc6 6. Bg5 e6 7. Qd2 a6 8.
O-O-O Be7 9. f4 Nxd4 10. Qxd4 O-O 11. Be2 Qc7 12. Bxf6 Bxf6 13. Qxd6 Qa5 14. e5
Rd8 15. Qa3 Qxa3 16. bxa3 Rxd1+ 17. Rxd1 Be7 18. Ne4 Bxa3+ 19. Kb1 Be7 20. Nd6
b5 21. Bf3 Rb8 22. Bc6 Kf8 23. Rd3 b4 24. Rd4 f6 25. Re4 a5 26. Nxc8 f5 27. Re3
Rxc8 28. Bd7 Rc4 29. Bxe6 Rxf4 30. Rf3 Rxf3 31. gxf3 Bg5 32. Bxf5 g6 33. Bd7
Bf4 34. e6 Bxh2 35. Kc1 Bf4+ 36. Kb2 h5 37. c4 Ke7 38. Bb5 h4 39. c5 h3 40. Bf1
h2 41. Bg2 Kxe6 42. Kb3 Kd5 43. Ka4 Kd4 44. c6 g5 45. Bh1 Ke3 46. c7 Bxc7 47.
Kb3 Kf2 48. f4 g4 49. a3 Bxf4 50. axb4 axb4 51. Kxb4 g3 52. Bc6 Be3 53. Kc4 g2
54. Kd3 h1=Q 55. Ba4 g1=Q 56. Kc3 Qa1+ 57. Kb3 Qhb1+ 58. Kc4 Qd4# 0-1

[Event "ICS rated blitz match"]
[Site "204.178.125.65"]
[Date "2000.06.07"]
[Round "?"]
[White "Hossa"]
[Black "QueenMaxima"]
[Result "1/2-1/2"]
[WhiteElo "2424"]
[BlackElo "2485"]
[PlyCount "211"]
[EventDate "2000.??.??"]

1. e4 e5 2. Nc3 Nf6 3. f4 d5 4. fxe5 Nxe4 5. Nf3 Be7 6. d4 Bb4 7. Bd2 Bg4 8.
Nxe4 dxe4 9. Bxb4 exf3 10. gxf3 Qh4+ 11. Ke2 Nc6 12. Bc5 b6 13. Bxb6 axb6 14.
fxg4 Rd8 15. c3 Qxg4+ 16. Kd2 Qf4+ 17. Kc2 Nxe5 18. Bb5+ Kf8 19. Kb3 c5 20. Qe2
cxd4 21. Rae1 Rd5 22. Qc4 Rc5 23. Qa4 Qf3 24. Rxe5 Rxe5 25. Bc6 Qg4 26. Qa3+
Rc5 27. Qa8+ Ke7 28. Re1+ Kf6 29. Qxh8 Rxc6 30. Qe8 Qg2 31. Qd8+ Kf5 32. Qd7+
Kg6 33. Qxd4 Kh5 34. Rg1 Qf3 35. Rxg7 h6 36. Qe5+ Kh4 37. Qe7+ f6 38. Qe1+ Kh5
39. Qe8+ Kh4 40. Qd7 Qe4 41. Rg4+ Qxg4 42. Qxc6 Qd1+ 43. Kb4 Qd8 44. Kb5 Kh3
45. Qxb6 Qd5+ 46. Kb4 Qxa2 47. Qe3+ Kg4 48. h3+ Kf5 49. Qd3+ Kg5 50. Qg3+ Kf5
51. Qg4+ Ke5 52. Qd4+ Kf5 53. b3 h5 54. Qd7+ Kg5 55. Qe7 Qa6 56. Qc7 Kh4 57.
Qc4+ Qxc4+ 58. bxc4 f5 59. c5 f4 60. c6 f3 61. c7 f2 62. c8=Q f1=Q 63. c4 Qe1+
64. Ka4 Qd1+ 65. Ka5 Qd2+ 66. Kb5 Qb2+ 67. Ka4 Qa2+ 68. Kb4 Qb2+ 69. Kc5 Qe5+
70. Kc6 Qf6+ 71. Kd5 Qf3+ 72. Kd4 Qf4+ 73. Kd3 Qf3+ 74. Kd2 Qf2+ 75. Kc3 Qe3+
76. Kc2 Qe2+ 77. Kb3 Qd1+ 78. Kc3 Qe1+ 79. Kd3 Qf1+ 80. Ke3 Qe1+ 81. Kd4 Qf2+
82. Ke4 Qf4+ 83. Kd3 Qf3+ 84. Kd2 Qf2+ 85. Kc1 Qe3+ 86. Kd1 Qd3+ 87. Ke1 Qe3+
88. Kf1 Kg3 89. Qg8+ Kxh3 90. Qg2+ Kh4 91. Qf2+ Qxf2+ 92. Kxf2 Kg4 93. c5 Kf5
94. c6 Ke6 95. c7 Kd7 96. c8=R Kxc8 97. Kg2 Kd7 98. Kh2 Ke6 99. Kh3 Kf6 100.
Kh4 Kg6 101. Kg3 Kf5 102. Kh3 Kg5 103. Kg3 Kf6 104. Kh3 Ke5 105. Kh4 Kf5 106.
Kxh5 1/2-1/2

[Event "ICS rated standard match"]
[Site "204.178.125.65"]
[Date "2000.06.07"]
[Round "?"]
[White "Hossa"]
[Black "RudiLenz"]
[Result "1-0"]
[WhiteElo "2350"]
[BlackElo "2159"]
[PlyCount "31"]
[EventDate "2000.??.??"]

1. e4 d5 2. exd5 Qxd5 3. Nc3 Qa5 4. Bc4 c6 5. d3 Bf5 6. Nf3 Nf6 7. O-O e6 8.
Bd2 Qc7 9. h3 h6 10. Qe2 Nd5 11. Bxd5 cxd5 12. Nxd5 Qxc2 13. Rac1 Bxd3 14. Qe3
Bc5 15. Qe5 Nc6 16. Qxg7 1-0

[Event "ICS rated standard match"]
[Site "204.178.125.65"]
[Date "2000.06.07"]
[Round "?"]
[White "Hossa"]
[Black "HUNTER2000"]
[Result "1-0"]
[WhiteElo "2358"]
[BlackElo "2085"]
[PlyCount "93"]
[EventDate "2000.??.??"]

1. e4 c5 2. Nf3 Nc6 3. d4 cxd4 4. Nxd4 g6 5. Nc3 Bg7 6. Be3 Nf6 7. Bc4 O-O 8.
Bb3 a5 9. O-O a4 10. Nxc6 bxc6 11. Nxa4 Nxe4 12. Nb6 Rb8 13. Nxc8 Qxc8 14. Qg4
d5 15. Qxc8 Rfxc8 16. c3 e5 17. f3 Nd6 18. Bc5 Nb7 19. Ba7 Ra8 20. Bf2 Kf8 21.
Rfd1 Ke8 22. Bc2 f5 23. a3 Na5 24. Ra2 Rab8 25. b4 Nc4 26. Bb3 Nd6 27. a4 e4
28. Rc2 f4 29. Bc5 Nb7 30. Bd4 Bxd4+ 31. Rxd4 Nd6 32. fxe4 Nxe4 33. Bc4 g5 34.
Bd3 Nf6 35. Bf5 Rc7 36. Re2+ Kf7 37. Rd1 Re7 38. Rxe7+ Kxe7 39. Re1+ Kf7 40. a5
h6 41. Re6 d4 42. Rxc6 dxc3 43. Rc7+ Kg8 44. a6 Ne8 45. Rxc3 Nd6 46. Bd3 Rxb4
47. Rc6 1-0

[Event "ICS rated standard match"]
[Site "204.178.125.65"]
[Date "2000.06.07"]
[Round "?"]
[White "Hossa"]
[Black "PackMaster"]
[Result "0-1"]
[WhiteElo "2348"]
[BlackElo "2530"]
[PlyCount "110"]
[EventDate "2000.??.??"]

1. e4 c5 2. Nf3 d6 3. d4 cxd4 4. Nxd4 Nf6 5. Nc3 a6 6. Be2 e6 7. O-O Be7 8. f4
Qc7 9. f5 b5 10. fxe6 fxe6 11. Bh5+ g6 12. Bf3 b4 13. Nce2 e5 14. Nb3 O-O 15.
Bh6 Rf7 16. Qd2 a5 17. a3 bxa3 18. Rxa3 d5 19. exd5 e4 20. Ra4 exf3 21. Rxf3
Bb4 22. c3 Bd7 23. Ra1 Bd6 24. Raf1 Bxh2+ 25. Kh1 Be5 26. Nbd4 Bg4 27. R3f2 Qc4
28. Bg5 Nbd7 29. Bxf6 Nxf6 30. Nc6 Ne4 31. Nxe5 Rxf2 32. Rxf2 Nxf2+ 33. Kg1
Qxe2 34. Qxe2 Bxe2 35. Kxf2 Re8 36. Nc6 a4 37. d6 Bb5 38. Nd4 Rf8+ 39. Kg1 Bd7
40. c4 Rb8 41. c5 Rb4 42. c6 Rxd4 43. cxd7 Rxd6 44. Kf2 Rxd7 45. Ke3 Rb7 46. g3
Rxb2 47. g4 a3 48. g5 a2 49. Kd4 a1=Q 50. Kc3 Qc1+ 51. Kd4 Qd1+ 52. Ke4 Re2+
53. Kf4 Qd4+ 54. Kf3 Qd3+ 55. Kf4 Re4# {Hossa checkmated} 0-1

[Event "ICS rated standard match"]
[Site "204.178.125.65"]
[Date "2000.06.07"]
[Round "?"]
[White "PostModernist"]
[Black "Hossa"]
[Result "1-0"]
[WhiteElo "2424"]
[BlackElo "2340"]
[PlyCount "83"]
[EventDate "2000.??.??"]

1. d4 Nf6 2. c4 c5 3. d5 g6 4. Nc3 Bg7 5. e4 d6 6. f4 e6 7. Nf3 exd5 8. cxd5
O-O 9. Be2 Ng4 10. e5 dxe5 11. h3 e4 12. hxg4 exf3 13. gxf3 Re8 14. Kf2 Bd4+
15. Kg2 a6 16. Bc4 b5 17. Bb3 Qe7 18. Bd2 b4 19. Re1 Qd8 20. Rxe8+ Qxe8 21. Na4
Nd7 22. Qe1 Bb7 23. Qxe8+ Rxe8 24. Re1 Rxe1 25. Bxe1 Nf6 26. d6 h5 27. Bf2 hxg4
28. Nxc5 gxf3+ 29. Kg1 Bxc5 30. Bxc5 Bc8 31. Bc2 b3 32. axb3 Nd5 33. b4 Bd7 34.
Bd3 Nxf4 35. Bxa6 g5 36. b5 Nd3 37. Be3 f2+ 38. Bxf2 Nb4 39. Bc5 Nd3 40. b4 Ne5
41. b6 Nc6 42. b7 {Hossa resigns} 1-0

[Event "ICS rated standard match"]
[Site "204.178.125.65"]
[Date "2000.06.07"]
[Round "?"]
[White "Hossa"]
[Black "GonzoX"]
[Result "1-0"]
[WhiteElo "2328"]
[BlackElo "2236"]
[PlyCount "53"]
[EventDate "2000.??.??"]

1. e4 c5 2. Nf3 Nf6 3. e5 Nd5 4. Nc3 e6 5. Nxd5 exd5 6. d4 Nc6 7. dxc5 Bxc5 8.
Qxd5 Qb6 9. Bc4 Bxf2+ 10. Ke2 O-O 11. Rf1 d6 12. Rxf2 Be6 13. Qe4 d5 14. Bxd5
Qb5+ 15. c4 Bxd5 16. Qxd5 Qb4 17. Qb5 Qe7 18. Kf1 a6 19. Qd5 Rad8 20. Bg5 Qb4
21. Bxd8 Rxd8 22. Qe4 Nd4 23. Ng5 Qxc4+ 24. Kg1 g6 25. e6 f5 26. Qxb7 Nxe6 27.
Qf7+ {GonzoX resigns} 1-0

[Event "ICS rated blitz match"]
[Site "204.178.125.65"]
[Date "2000.06.08"]
[Round "?"]
[White "MissSilicon"]
[Black "Hossa"]
[Result "1/2-1/2"]
[WhiteElo "2637"]
[BlackElo "2427"]
[PlyCount "129"]
[EventDate "2000.??.??"]

1. d4 Nf6 2. c4 e6 3. Nc3 Bb4 4. e3 b6 5. Nge2 Ba6 6. Ng3 Nc6 7. e4 e5 8. d5
Nd4 9. a3 Be7 10. Bd3 c6 11. f4 d6 12. dxc6 Nxc6 13. Nf5 O-O 14. Nd5 Nxd5 15.
cxd5 Bxd3 16. Qxd3 Nd4 17. Nxd4 exd4 18. Qxd4 Bh4+ 19. g3 Bf6 20. Qd3 Qd7 21.
O-O Qh3 22. Rf2 Rfe8 23. f5 Be5 24. Be3 Rac8 25. a4 h5 26. Bg5 Qg4 27. Bh4 Qh3
28. Rd2 Rc5 29. Rf1 Rec8 30. Qe2 Rc4 31. b3 Rb4 32. Rfd1 Rxb3 33. a5 bxa5 34.
Ra2 Rcb8 35. Rc1 Bd4+ 36. Kh1 Re3 37. Qc2 Re8 38. Qg2 Qxg2+ 39. Kxg2 Bb6 40.
Rc6 Bc5 41. Bg5 R3xe4 42. Bf4 Re2+ 43. Rxe2 Rxe2+ 44. Kf3 Rf2+ 45. Ke4 Rxh2 46.
Bxd6 Bxd6 47. Rxd6 Re2+ 48. Kf4 Rf2+ 49. Ke4 Rg2 50. Kf4 Rd2 51. Ke4 Rb2 52.
Ra6 Rb4+ 53. Kf3 Rb5 54. Ke4 f6 55. d6 Rb7 56. Rxa5 Kf8 57. Kd5 Ke8 58. Ra3 Kd7
59. Kc5 Kc8 60. Re3 Kd8 61. Ra3 Kd7 62. Re3 Kd8 63. Ra3 Kd7 64. Re3 Kd8 65. Ra3
1/2-1/2

[Event "ICS rated blitz match"]
[Site "204.178.125.65"]
[Date "2000.06.08"]
[Round "?"]
[White "Hossa"]
[Black "MissSilicon"]
[Result "1-0"]
[WhiteElo "2436"]
[BlackElo "2628"]
[PlyCount "121"]
[EventDate "2000.??.??"]

1. d4 f5 2. g3 e6 3. c4 Nf6 4. Nc3 Bb4 5. Nf3 O-O 6. Bg2 d5 7. cxd5 Qxd5 8. O-O
Qa5 9. Bd2 c6 10. a3 Be7 11. Bf4 Qb6 12. b3 Rd8 13. Qc2 Nh5 14. Na4 Qa5 15. b4
Qb5 16. Bc7 Rd7 17. Nc3 Qa6 18. Be5 Rd8 19. Qa2 Nf6 20. Bc7 Re8 21. Ne5 Bd8 22.
Bxd8 Rxd8 23. Rfd1 Qb6 24. Na4 Qb5 25. Nc5 Nd5 26. Qc2 b6 27. Ncd3 Bb7 28. a4
Qa6 29. Bxd5 exd5 30. b5 Qa5 31. bxc6 Nxc6 32. Nxc6 Bxc6 33. Qxc6 Re8 34. Ne5
h6 35. Qd7 Qb4 36. Qxd5+ Kh7 37. Qf7 Qf8 38. Qxf8 Rxf8 39. g4 fxg4 40. Nxg4
Rac8 41. Ne5 Rc2 42. Kf1 Rf4 43. h3 Rh4 44. Ra3 Rf4 45. Rb3 Rf5 46. Ke1 Ra2 47.
Rb4 Rh5 48. e3 Rxh3 49. Rd2 Rh1+ 50. Ke2 Rha1 51. Rxa2 Rxa2+ 52. Kf3 Rc2 53. e4
Rc3+ 54. Kg2 h5 55. Rc4 Rxc4 56. Nxc4 Kg6 57. Ne5+ Kf6 58. Nc6 a6 59. Nb4 b5
60. a5 Ke6 61. Nxa6 {MissSilicon resigns} 1-0